Peugeot Models - Statistics

General Stats
  • This quiz has been taken 175 times
  • The average score is 16 of 20
Answer Stats
Picture Answer % Correct
208
99%
308
99%
206
96%
207
95%
307
89%
106
87%
508
87%
2008
86%
408
86%
107
85%
3008
85%
108
84%
205
84%
306
84%
406
82%
5008
81%
607
57%
Boxer
43%
Rifter
35%
Traveller
20%
No matching quizzes found
Score Distribution
Percent of People with Each Score
Percentile by Number Answered
Your Score History
You have not taken this quiz